000 00761nam a22002057a 4500
999 _c2730
_d2730
003 AR-CdUCM
008 190305b ||||| |||| 00| 0 spa d
040 _aMUNICIPALIDAD PROVINCIAL DEL CUSCO
_cBIBLIOTECA MUNICIPAL DEL CUSCO
082 _a129.66 /
_bO73
100 _aOrtega y Gasset, José
_95772
245 _aLa caza y los toros :
_bCon una lamina /
260 _aMadrid :
_bRevista de Occidente,
_c1968.
300 _a192 paginas ;
_c18 cm.
505 _aContenido :El problema de la diversión - Caza y felicidad -- Los toros -- Sobre el vuelo de las aves anilladas -- Vacaciones de humanidad ...
650 _aEnsayos españoles
_9576
650 _aCorridas de toros
_99554
650 _aÉtica y razón
_99555
942 _2ddc
_cLIBROS
945 _arum